| 000 | 00644nam a2200217Ia 4500 | ||
|---|---|---|---|
| 005 | 20250326144425.0 | ||
| 008 | 250326s9999 xx 000 0 und d | ||
| 020 | _a978-0-415-70091-7 | ||
| 037 | _aTextbook | ||
| 040 |
_aFMSL _beng _cFMSL |
||
| 041 |
_aeng _2eng |
||
| 084 |
_aX P8 _qFMSL |
||
| 100 |
_aLyons John S _9749627 |
||
| 245 | 0 |
_aReflection on the cliometrics revolution : Conversations with economic historians _cLyons John S And Others |
|
| 260 |
_aLondon _bLondon, Routledge _c2008 |
||
| 300 | _axiv,491 | ||
| 365 | _b6270.4499999999998 | ||
| 650 | _aEconomics | ||
| 942 |
_cTB _hX P8 |
||
| 999 |
_c1303643 _d1303643 |
||